00787cam a2200157 a 4500020003100000020002800031041000800059082001600067100001800083245006400101260006100165300002400226505033200250650001000582650003700592 a9781589015074 (alk. paper) a158901507X (alk. paper) aENG00a261.27bHEC1 aHeck, Paul L.10aCommon ground : Islam, Christianity and Religious Pluralism aWashington, D.C. :bGeorgetown University Press,cc2009. ax, 240 p. :bill. ;0 aIntroduction: Religious pluralism today -- Does the Qur'an belong in the Bible? -- How much good news can we take? -- The face of God : a social good? -- Jihad : is it Christian too? -- Islam : more or less democratic than Christianity? -- God's rights : a threat to human rights? -- Conclusion: Islam : not a separate species. 0aIslam 0aChristianity and other religions